Southville International School and Colleges
Your cart is empty.
  • Cart
  • Lists
    Public lists Eva Luna New books Lux_list list_1
    Your lists Log in to create your own lists
  • Log in to your account
  • Your cookies
  • Search history
Southville International School and Colleges
  • Advanced search
  • Recent comments
  • Most popular
  • Libraries

Log in to your account

Log in with GOOGLE


If you do not have an external account, but do have a local account, you can still log in:

  1. Home
  2. MARC view: Human resource management in the hospitality industry :
Normal view MARC view ISBD view

Human resource management in the hospitality industry : (Record no. 48523)

[ view plain ]
MARC details
000 -LEADER
fixed length control field 00619nam a2200193Ia 4500
008 - FIXED-LENGTH DATA ELEMENTS--GENERAL INFORMATION
fixed length control field 140321s9999 xx 000 0 und d
020 ## - INTERNATIONAL STANDARD BOOK NUMBER
International Standard Book Number 9780415632546
050 ## - LIBRARY OF CONGRESS CALL NUMBER
Classification number TX 911.3.P4
Item number .B671 2013
100 ## - MAIN ENTRY--PERSONAL NAME
Personal name Boella, Michael J.
245 ## - TITLE STATEMENT
Title Human resource management in the hospitality industry :
Remainder of title a guide to best practice /
Statement of responsibility, etc Michael J. Boella and Steven Coss-Turner.
250 ## - EDITION STATEMENT
Edition statement 9th ed.
260 ## - PUBLICATION, DISTRIBUTION, ETC. (IMPRINT)
Place of publication, distribution, etc New York :
Name of publisher, distributor, etc Routledge,
Date of publication, distribution, etc c2013.
300 ## - PHYSICAL DESCRIPTION
Extent 331 p. :
Dimensions 25 cm.
500 ## - GENERAL NOTE
General note Includes index.
521 ## - TARGET AUDIENCE NOTE
Target audience note
650 ## - SUBJECT ADDED ENTRY--TOPICAL TERM
Topical term or geographic name as entry element Hospitality industry
General subdivision Personnel management.
942 ## - ADDED ENTRY ELEMENTS (KOHA)
Call number prefix Foreign
Koha item type Books
Holdings
Withdrawn status Lost status Damaged status Home library Current library Shelving location Date acquired Total Checkouts Total Renewals Full call number Barcode Date last seen Date checked out Price effective from Koha item type
      College Library College Library Reserve Section 03/21/2014 3 3 TX 911.3.P4 .B671 2013 C17806 09/02/2019 07/29/2019 03/21/2014 Books

Human resource management in the hospitality industry :

APA

Boella M. J., . (2013). Human resource management in the hospitality industry. New York: Routledge.

Chicago

Boella Michael J, . 2013. Human resource management in the hospitality industry. New York: Routledge.

Harvard

Boella M. J., . (2013). Human resource management in the hospitality industry. New York: Routledge.

MLA

Boella Michael J, . Human resource management in the hospitality industry. New York: Routledge. 2013.

  • Place hold
  • Print
  • Cite
  • Add to your cart (remove)
  • Save record
    BIBTEX Dublin Core MARCXML MARC (non-Unicode/MARC-8) MARC (Unicode/UTF-8) MARC (Unicode/UTF-8, Standard) MODS (XML) RIS
  • More searches
    Search for this title in:
    Other Libraries (WorldCat) Other Databases (Google Scholar) Online Stores (Bookfinder.com) Open Library (openlibrary.org)

Exporting to Dublin Core...

SOUTHVILLE LIBRARY

Southville International School and Colleges Library

1281 Tropical Ave. Cor. Luxembourg St., BF Homes International, Las Pinas City

Tel. No. 8256374 / 252358 Loc. 117/146

Powered by Koha